000 00687nam a22001937a 4500
010 _aENG-99603
020 _a9788190933377
_c60.00
035 _aEN-83135
037 _bDBAD/PUB
082 _a631.86
100 _aKavitha, P.
_910599
245 _aRhizobium in biofertilizer /
_cby P. Kavitha
260 _aThanjavur
_bNathai Publications
_c2009
270 _a1271A, Sulthanjiappa Lane, South Rampart
_bThanjavur
_e613001
300 _a116p.
_c20cm (pbk)
650 _aBiofertilizer
_910600
942 _2ddc
_cEN
_h631.86
_mKAV
999 _c40850
_d40850